| 000 | 00689nam a2200217 a 4500 | ||
|---|---|---|---|
| 001 | BRCA_5874 | ||
| 005 | 20190320205240.0 | ||
| 008 | 160311s1930----u--######b---#000-0#eng-# | ||
| 041 | _aeng | ||
| 044 | _au | ||
| 050 | 4 |
_aZ1231 F5 _b.T36 _c1930 |
|
| 245 | 1 | 0 |
_aTarg’s American first editions & their prices. _ba checklist of the foremost American first. _cWilliam Targ. |
| 260 |
_aChicago, Illinois _bW. Targ _c1930 |
||
| 300 |
_a114 p. _c18 cm. |
||
| 500 | _aSe emitieron 445 copias para los suscriptores. | ||
| 500 | _aH121 | ||
| 650 | 1 | 4 |
_aLiteratura estadounidense _vBibliografĂa _xPrimeras ediciones. _914867 |
| 650 | 1 | 4 |
_aLibros _xPrecios. _912928 |
| 902 | _aGFM | ||
| 942 |
_2lcc _cB |
||
| 999 |
_c5563 _d5563 |
||